Six Simple Machines Quiz Stats

 Plays Quiz not verified by Sporcle

Challenge
Share
Tweet
Embed
Score 0/6 Timer 01:00
0 Plays Today
Name the six simple machines % Correct
Pulley
91.3%
Lever
87.8%
Screw
86.1%
Wedge
86.1%
Inclined Plane
82.6%
Wheel and Axle
81.7%

You're not logged in!

Compare scores with friends on all Sporcle quizzes.
OR
Log In

You Might Also Like...

Show Comments

Extras

Created Feb 11, 2011ReportNominate
Tags:machine, simple, six

Top Quizzes Today


Score Distribution

Your Account Isn't Verified!

In order to create a playlist on Sporcle, you need to verify the email address you used during registration. Go to your Sporcle Settings to finish the process.

Report this User

Report this user for behavior that violates our Community Guidelines.

Details: